| 000 | 00857nac a22002651i 4500 | ||
|---|---|---|---|
| 003 | EG-ScBUE | ||
| 005 | 20230712101759.0 | ||
| 008 | 230712s1995 iauab f 001 0 eng d | ||
| 020 | _a069725075X | ||
| 020 | _a9780697250759 | ||
| 040 |
_aEG-ScBUE _beng _erda _cEG-ScBUE _dEG-ScBUE |
||
| 082 | 0 | 4 |
_a910.02 _bBRA _222 |
| 100 | 1 |
_aBradshaw, Michael J., _eauthor. |
|
| 245 | 1 | 0 |
_aFoundations of physical geography / _cMichael Bradshaw, Ruth Weaver. |
| 264 | 1 |
_aDubuque, IA : _bWm. C. Brown, _c1995. |
|
| 300 |
_axv, 442 pages : _billustrations (some color), color maps ; _c28 cm |
||
| 336 |
_2rdacontent _atext _btxt |
||
| 337 |
_2rdamedia _aunmediated _bn |
||
| 338 |
_2rdacarrier _avolume _bnc |
||
| 500 | _aIncludes index. | ||
| 650 | 7 |
_aPhysical geography. _2BUEsh |
|
| 655 | _vReading book | ||
| 700 | 1 |
_aWeaver, Ruth. _eauthor. |
|
| 942 |
_cBB _2ddc |
||
| 999 |
_c4073 _d4073 |
||